LEADER 01362nam a2200277 i 4500 001 000000174526 003 CaOOAMICUS 005 20230222121823.0 008 080917s1981 sw u000 u ger u 020 $a91-554-1142-8 040 $aSeMil$bita 100 1 $aRosenqvist, Jan Olof.$0(OLS)http://semarc/name/23122 245 10$aStudien zur Syntax und Bemerkungen zum Text der Vita Theodori Syceotae /$cJan Olof Rosenqvist. 264 1$aStockholm :$bAlmqvist & Wiksell,$c1981. 300 $a140 p. ;$c24 cm. 490 1 $aActa Universitatis Upsaliensis. Studia graeca upsaliensia ;$v15 600 04$aTeodoro : il Siceota .$0(OLS)http://semarc/subject/1845 650 4$aEleusio . Vita di San Teodoro il Siceota.$0(OLS)http://semarc/subject/33246 830 0$aActa Universitatis Upsaliensis. Studia graeca upsaliensia ;$v15.$0(OLS)http://semarc/title/514 850 $aSeMil 852 $aSeMil$W1$xVenegono$y1$m1Z VI 53$j237550$B125362$CSeMilBibl$Z2$F136347 $81 961 $aRecupero: Altro 996 $6020$a91-554-1142-8$9(OLS)http://semarc/number/162446 996 $6245$aStudien zur Syntax und Bemerkungen zum Text der Vita Theodori Syceotae$9(OLS)http://semarc/title/250154 996 $6264$aStockholm :$bAlmqvist & Wiksell$9(OLS)http://semarc/publisher/32224 LEADER 01254nam a2200253 i 4500 001 000000119336 003 CaOOAMICUS 005 20031023000000.0 008 031023s1993 it u000 u ita u 013 $a92029 040 $aSeMil$bita 245 10$aBeatificazione della Madre Geltrude Comensoli :$bfondatrice delle Suore Sacramentine di Bergamo. 246 04$iTitolo in copertina:$aFacciamo memoria raccontando 260 $aBergamo :$b[Istituto Suore Sacramentine di Bergamo],$c1993$e(Bergamo :$fGrafica Monti,$g1993) 300 $a438 p. :$briccamente ill. ;$c31 cm. 500 $aContiene : Appendice ; Fonti e bibliografia. - Fondo Card. C.M. Martini. 600 14$aComensoli, Geltrude .$0(OLS)http://semarc/subject/6618 850 $aSeMil 852 $aSeMil$W1$xVenegono$y1$m3H VI 20$j74561$B74561$CSeMilBibl$Z2$F78071 $81 941 1 $a4 961 $aOmaggio: Martini Card. Carlo Maria 996 $6245$aBeatificazione della Madre Geltrude Comensoli :$bfondatrice delle Suore Sacramentine di Bergamo$9(OLS)http://semarc/title/175377 996 $6246$aFacciamo memoria raccontando$9(OLS)http://semarc/title/175378 996 $6260$aBergamo :$b[Istituto Suore Sacramentine di Bergamo]$9(OLS)http://semarc/publisher/45890